00341nam a22000977a 4500082002000000100001500020245010200035260007400137300001000211650002200221 aPKP B2 P759\c.2 aN.C.E.R.T. aPolitical theory ( Textbook for class XI)cby National Council of Educational Research Training  aNew DelhibNational Council of Educational Research Tranining c2006 a158p. aPolitical theory